[Event "Olexa Memorial op"]
[Site "Brno"]
[Date "2021.12.30"]
[Round "7"]
[White "Bata, Jiri"]
[Black "Hayrumyan, Artur"]
[Result "1-0"]
[WhiteElo "1556"]
[BlackElo "1538"]
[PlyCount "107"]
[EventDate "2021.12.26"]
[EventType "swiss"]
[EventRounds "7"]
[EventCountry "CZE"]
[SourceTitle "CBM 205 Extra"]
[Source "ChessBase"]
[SourceDate "2022.01.31"]
[SourceVersion "1"]
[SourceVersionDate "2022.01.31"]
[SourceQuality "1"]

1. e4 e5 2. Bc4 f5 3. Bxg8 Rxg8 4. Qh5+ g6 5. Qxh7 Rg7 6. Qh3 fxe4 7. Qg3 Nc6 8. h4 d6 9. d3 Nd4 10. Na3 Nf5 11. Qh2 exd3 12. g4 Nd4 13. c3 Ne2 14. Nxe2 dxe2 15. f3 Be7 16. Kxe2 Be6 17. Be3 Qd7 18. g5 0-0-0 19. Qf2 c5 20. b4 Qa4 21. Bc1 cxb4 22. cxb4 Qxb4 23. Qxa7 Bc4+ 24. Nxc4 Qxc4+ 25. Kf2 Rf7 26. Be3 Qc2+ 27. Kg3 Qe2 28. Rhf1 Rdf8 29. Rac1+ Kd7 30. Qxb7+ Ke6 31. Qe4 Rf5 32. Rcd1 Qxa2 33. Rf2 Qb3 34. Rd3 Qb5 35. Rd1 d5 36. Qc2 Bd6 37. Rb1 Qe8 38. Bc5 Qc6 39. Rb6 e4+ 40. f4 Qxb6 41. Bxb6 Bxf4+ 42. Kg2 Rd8 43. Bd4 Rff8 44. Qd1 Rc8 45. Qg4+ Kd6 46. Rxf4 Rc2+ 47. Kg3 Rxf4 48. Qxf4+ Kc6 49. Qf6+ Kb5 50. Qxg6 Rc4 51. Qb6+ Ka4 52. g6 Rb4 53. Qc6+ Kb3 54. Qxd5+ 1-0

[Event "Brno Duras op"]
[Site "Brno"]
[Date "2015.07.03"]
[Round "7"]
[White "Kopecek, Ivan"]
[Black "Bata, Jiri"]
[Result "1/2-1/2"]
[WhiteElo "1955"]
[BlackElo "1583"]
[PlyCount "86"]
[EventDate "2015.06.27"]
[EventType "swiss"]
[EventRounds "9"]
[EventCountry "CZE"]
[SourceTitle "CBM 167 Extra"]
[Source "ChessBase"]
[SourceDate "2015.09.14"]
[SourceVersion "1"]
[SourceVersionDate "2015.09.14"]
[SourceQuality "1"]

1. e4 Nf6 2. e5 Nd5 3. c4 Nb6 4. d4 d6 5. exd6 cxd6 6. Nf3 g6 7. Bd3 Bg7 8. Be3 Nc6 9. Nc3 Bg4 10. Be2 Bxf3 11. Bxf3 Nxc4 12. Qa4 Nxe3 13. Bxc6+ bxc6 14. Qxc6+ Kf8 15. fxe3 Bh6 16. Qf3 Rb8 17. 0-0 f6 18. b3 Kg7 19. Nd5 Rf8 20. Rac1 e6 21. Nc7 Qe7 22. Rc3 f5 23. Rfc1 Kh8 24. Qc6 Rfc8 25. Qc4 Rxc7 26. Qxc7 Qxc7 27. Rxc7 Bxe3+ 28. Kf1 Bxc1 29. Rxc1 e5 30. Rc7 exd4 31. Ke2 Re8+ 32. Kd2 g5 33. Rxa7 f4 34. Ra4 Re4 35. h3 Kg7 36. Rc4 h5 37. a4 g4 38. hxg4 hxg4 39. a5 f3 40. gxf3 gxf3 41. a6 Re2+ 42. Kd3 Re3+ 43. Kd2 Re2+ 1/2-1/2

[Event "Brno op 5th"]
[Site "Brno"]
[Date "2014.11.17"]
[Round "3"]
[White "Zemlicka, Vit"]
[Black "Bata, Jiri"]
[Result "1-0"]
[WhiteElo "1899"]
[BlackElo "1589"]
[PlyCount "103"]
[EventDate "2014.11.15"]
[EventType "swiss"]
[EventRounds "9"]
[EventCountry "CZE"]
[SourceTitle "CBM 163 Extra"]
[Source "ChessBase"]
[SourceDate "2014.12.23"]
[SourceVersion "1"]
[SourceVersionDate "2014.12.23"]
[SourceQuality "1"]

1. e4 Nf6 2. e5 Nd5 3. c4 Nb6 4. d4 d6 5. exd6 cxd6 6. Nc3 g6 7. Be3 Bg7 8. Rc1 0-0 9. b3 Nc6 10. d5 Ne5 11. Be2 f5 12. f4 Ng4 13. Bxg4 fxg4 14. Nge2 Nd7 15. 0-0 Nf6 16. Nd4 a6 17. Qd2 Bf5 18. Rfe1 Qd7 19. Bf2 Rae8 20. Ne6 Bxe6 21. Rxe6 Nh5 22. g3 Rf6 23. Re2 Rf5 24. Rce1 Nf6 25. Bd4 Nh5 26. Ne4 Bxd4+ 27. Qxd4 Rff8 28. Ng5 Ng7 29. Re4 Nf5 30. Qd3 h6 31. Ne6 Rf7 32. Qe2 h5 33. Qd3 Rh7 34. Ng5 Rg7 35. Re6 Rf8 36. R6e4 Re8 37. Qc3 Qc8 38. Kg2 Qd7 39. Qd3 Qc8 40. Rc1 Qc5 41. Ne6 Qa3 42. Nxg7 Kxg7 43. Rc2 Qc5 44. Qc3+ Kh6 45. b4 Qc8 46. c5 dxc5 47. bxc5 Qd7 48. Qe5 Rc8 49. Qe6 Qd8 50. c6 bxc6 51. Rxc6 Rb8 52. Qxg6# 1-0

[Event "Brno op 4th"]
[Site "Brno"]
[Date "2013.11.20"]
[Round "6"]
[White "Bata, Jiri"]
[Black "Kaeding, Wolfgang"]
[Result "0-1"]
[WhiteElo "1568"]
[BlackElo "1659"]
[PlyCount "60"]
[EventDate "2013.11.16"]
[EventType "swiss"]
[EventRounds "9"]
[EventCountry "CZE"]
[SourceTitle "CBM 157 Extra"]
[Source "ChessBase"]
[SourceDate "2013.12.19"]
[SourceVersion "1"]
[SourceVersionDate "2013.12.19"]
[SourceQuality "1"]

1. e4 e5 2. Bc4 Nf6 3. d4 exd4 4. Nf3 Nc6 5. e5 d5 6. Bb5 Qe7 7. 0-0 Nd7 8. Bxc6 bxc6 9. Qxd4 Nc5 10. Nc3 Ne6 11. Qa4 Bd7 12. Qa5 Qc5 13. Qa6 Qb6 14. Qe2 Be7 15. b3 0-0 16. Be3 Qb7 17. Rfe1 Rfe8 18. Qd2 Rad8 19. Ne2 Nc5 20. Ng3 Bg4 21. Qc3 Ne6 22. h3 Bxf3 23. gxf3 Bb4 24. Qb2 Ba5 25. Re2 d4 26. Bc1 Bc3 27. Qa3 Bxa1 28. Bd2 Bc3 29. Bc1 Rd5 30. f4 Ra5 0-1

[Event "Brno op 4th"]
[Site "Brno"]
[Date "2013.11.18"]
[Round "4"]
[White "Bata, Jiri"]
[Black "Stary, Vladimir"]
[Result "0-1"]
[WhiteElo "1568"]
[BlackElo "1794"]
[PlyCount "54"]
[EventDate "2013.11.16"]
[EventType "swiss"]
[EventRounds "9"]
[EventCountry "CZE"]
[SourceTitle "CBM 157 Extra"]
[Source "ChessBase"]
[SourceDate "2013.12.19"]
[SourceVersion "1"]
[SourceVersionDate "2013.12.19"]
[SourceQuality "1"]

1. e4 c5 2. Bc4 e6 3. Nf3 a6 4. a3 Nc6 5. d3 Qc7 6. 0-0 Bd6 7. h3 Nge7 8. Nh4 b5 9. Ba2 Bb7 10. f4 Qb6 11. Kh1 0-0-0 12. Nf3 f6 13. c4 e5 14. cxb5 axb5 15. fxe5 Nxe5 16. Nc3 g5 17. a4 g4 18. Nxe5 Bxe5 19. Qxg4 b4 20. Nb5 f5 21. Qe2 fxe4 22. dxe4 Rhf8 23. Rxf8 Rxf8 24. Be3 Qg6 25. Bxc5 Qg3 26. Bg1 Nf5 27. exf5 Qxh3+ 0-1